| 000 | 00892nam a22002177a 4500 | ||
|---|---|---|---|
| 005 | 20220816141043.0 | ||
| 008 | 220816s2007 mx a|||f |||| 00| 0 spa d | ||
| 040 |
_cCHAP _erda |
||
| 082 |
_a634.980685 _bG94 _222 |
||
| 245 |
_aGuía para la comercialización de productos maderables de empresas forestales comunitarias / _cdirección José Luis Mota Villanueva; investigación y compilación Jesús Zárate Mancha. |
||
| 300 |
_a101 páginas : _bfiguras, tablas. |
||
| 336 |
_atexto _btxt _2rdacontenido |
||
| 337 |
_asinmedio _bn _2rdamedia |
||
| 338 |
_avolumen _bnc _2rdacarrier |
||
| 650 | 0 |
_9185416 _aAserraderos _xAdministración _vGuías |
|
| 650 | 7 |
_969639 _aMadera aserrada _xMercadeo |
|
| 650 | 7 |
_969627 _aMadera _xSubproductos |
|
| 700 | 1 |
_979075 _aMota Villanueva, José Luis _edirección. |
|
| 700 | 0 |
_9124114 _aZárate Mancha, Jesús _einvestigador y compilador. |
|
| 942 |
_2ddc _cLIBRO |
||
| 999 |
_c217601 _d217601 |
||